000 00386nam a22001337a 4500
008 230606b xxu||||| |||| 00| 0 eng d
020 _a9789987712458
082 _a346.06
_bEAC
100 _cEAC SECRETARIAT
245 _a12TH SUMMIT MEETING OF HEADS OF STATE
_bEAST AFRICAN COMMUNITY
260 _aARUSHA
_bEAST AFRICAN COMMUNITY SECRETARIAT
_c2010
300 _a31 pages
942 _2ddc
_cBK
999 _c505
_d505